[Event "WA Challenger's Cup"]
[Site "Seattle, WA"]
[Date "2014.10.25"]
[Round "1"]
[White "Collyer, Curt D"]
[Black "Saarenas, Mark Bustillo"]
[Result "1-0"]
[WhiteElo "2302"]
[BlackElo "1899"]
[PlyCount "83"]
[EventDate "2014.10.25"]
[EventType "swiss"]
[EventRounds "4"]
[EventCountry "USA"]

1. d4 e6 2. c4 d5 3. Nc3 Nf6 4. cxd5 exd5 5. Bg5 Be7 6. e3 O-O 7. Bd3 h6 8. Bh4
Nbd7 9. Nge2 c6 10. Bc2 Re8 11. Qd3 Nf8 12. f3 Nh5 13. Bf2 Bd6 14. g4 Nf6 15.
O-O-O b5 16. Kb1 a5 17. Rc1 Ba6 18. Qd1 Bb4 19. h4 N6d7 20. e4 Nb6 21. e5 Nc4
22. Bd3 Rb8 23. f4 Qe7 24. Ka1 Nxb2 25. Kxb2 Ba3+ 26. Ka1 Bxc1 27. Nxc1 Qa3 28.
Qb3 Qe7 29. f5 a4 30. Qc2 Red8 31. Be2 Nd7 32. Nd3 b4 33. Nd1 Bc4 34. N3b2 b3
35. Qd2 Bxe2 36. Qxe2 Qa3 37. Nc3 Rb4 38. Rb1 Rdb8 39. e6 Nf6 40. exf7+ Kf8 41.
Bg3 bxa2 42. Bd6+ 1-0

[Event "WA Challenger's Cup"]
[Site "Seattle, WA"]
[Date "2014.10.25"]
[Round "2"]
[White "Leslie, Cameron D"]
[Black "Tafalla, Gabriel"]
[Result "1-0"]
[WhiteElo "2088"]
[BlackElo "1890"]
[PlyCount "51"]
[EventDate "2014.10.25"]
[EventType "swiss"]
[EventRounds "4"]
[EventCountry "USA"]

1. d4 d5 2. c4 e6 3. Nc3 Nf6 4. cxd5 exd5 5. Bg5 Be7 6. e3 O-O 7. Bd3 Nbd7 8.
Nf3 b6 9. O-O Bb7 10. Rc1 c5 11. Bb1 c4 12. Qc2 a6 13. Ne5 g6 14. Bh6 Re8 15.
Qe2 Nxe5 16. dxe5 Nd7 17. f4 Bc5 18. Rcd1 Qh4 19. Bg5 Qh5 20. Qxh5 Bxe3+ 21.
Kh1 gxh5 22. Rf3 Bc5 23. Rg3 d4 24. Bf6+ Kf8 25. Bxh7 Nxf6 26. exf6 1-0

[Event "WA Challenger's Cup"]
[Site "Seattle, WA"]
[Date "2014.10.25"]
[Round "2"]
[White "Nagase, Toshihiro"]
[Black "Collyer, Curt D"]
[Result "0-1"]
[WhiteElo "1983"]
[BlackElo "2302"]
[PlyCount "76"]
[EventDate "2014.10.25"]
[EventType "swiss"]
[EventRounds "4"]
[EventCountry "USA"]

1. d4 e6 2. c4 f5 3. Nc3 Nf6 4. g3 Bb4 5. Bg2 Qe7 6. Nf3 Bxc3+ 7. bxc3 d6 8.
Ba3 c5 9. Nd2 O-O 10. O-O e5 11. dxc5 dxc5 12. Bd5+ Kh8 13. Nb3 Na6 14. Qc2 Rb8
15. Rad1 b6 16. Bc1 Nc7 17. Bg5 h6 18. Bxf6 Rxf6 19. Rd2 f4 20. Rfd1 Bf5 21.
Be4 Be6 22. Bd5 Nxd5 23. cxd5 Bf5 24. Qb2 Qd6 25. Qa3 fxg3 26. hxg3 e4 27. e3
Rb7 28. Qa4 Re7 29. Na1 Bg4 30. Rb1 Bf3 31. Nc2 Rf5 32. Ne1 Bh5 33. c4 Kh7 34.
Qc2 Qd7 35. a4 Bg6 36. Ng2 Bh5 37. Kh2 Bf3 38. Rh1 Rh5+ 0-1

[Event "WA Challenger's Cup"]
[Site "Seattle, WA"]
[Date "2014.10.26"]
[Round "3"]
[White "Collyer, Curt D"]
[Black "Leslie, Cameron D"]
[Result "1-0"]
[WhiteElo "2302"]
[BlackElo "2088"]
[PlyCount "35"]
[EventDate "2014.10.25"]
[EventType "swiss"]
[EventRounds "4"]
[EventCountry "USA"]

1. d4 Nf6 2. c4 e6 3. Nc3 Bb4 4. f3 O-O 5. a3 Bxc3+ 6. bxc3 Ne8 7. e4 b6 8. Bd3
Ba6 9. Nh3 Qh4+ 10. Nf2 Qd8 11. O-O Nc6 12. c5 Bxd3 13. Nxd3 d6 14. Qa4 Ne7 15.
Rd1 f5 16. Nf4 Qc8 17. Qb3 fxe4 18. Nxe6 1-0

[Event "WA Challenger's Cup (Reserve)"]
[Site "Seattle, WA"]
[Date "2014.10.26"]
[Round "5"]
[White "Allen, Robert J"]
[Black "Tan, Alan"]
[Result "0-1"]
[WhiteElo "1796"]
[BlackElo "1607"]
[PlyCount "60"]
[EventDate "2014.10.25"]
[EventType "swiss"]
[EventRounds "5"]
[EventCountry "USA"]

1. d4 Nf6 2. c4 e6 3. Nc3 Bb4 4. a3 Bxc3+ 5. bxc3 c5 6. Bg5 Nc6 7. Nf3 d6 8.
Bd2 e5 9. d5 Na5 10. e3 e4 11. Ng5 h6 12. Nh3 b6 13. Be2 Ba6 14. Qc2 Qe7 15.
Qa2 O-O-O 16. O-O-O Nxd5 17. Bg4+ Kb8 18. cxd5 Bc4 19. Qb2 h5 20. Bxh5 Rxh5 21.
Nf4 Rhh8 22. Be1 g5 23. Ne2 Qe5 24. Ng3 Bb3 25. Rd2 Bxd5 26. Qb1 Qxc3+ 27. Rc2
Nb3+ 28. Kd1 Qd3+ 29. Bd2 Nxd2 30. Rxd2 Qxb1+ 0-1

[Event "North American Open (U2300)"]
[Site "Las Vegas, NV"]
[Date "2013.12.29"]
[Round "7"]
[White "Elishev, Ivan"]
[Black "He, Daniel"]
[Result "0-1"]
[WhiteElo "2287"]
[BlackElo "2226"]
[PlyCount "71"]
[EventDate "2013.12.26"]
[EventType "swiss"]
[EventRounds "7"]
[EventCountry "USA"]

1. e4 c5 2. Nf3 e6 3. b4 cxb4 4. d4 d5 5. e5 Bd7 6. Bd3 Qb6 7. Qe2 Ne7 8. a3
Nbc6 9. Be3 Rc8 10. O-O a5 11. c3 Nf5 12. axb4 axb4 13. Bxf5 exf5 14. c4 Ne7
15. Nbd2 Ng6 16. g3 f4 17. gxf4 dxc4 18. d5 Qb5 19. d6 Bg4 20. h3 Bh5 21. Rfc1
Bxd6 22. exd6 O-O 23. Nd4 Qd5 24. Qf1 c3 25. d7 Qxd7 26. Nc4 Qc7 27. Ra5 Nxf4
28. Bxf4 Qxf4 29. Rxh5 Qxd4 30. Ne3 b3 31. Rb5 b2 32. Rc2 Ra8 33. Rd5 Ra1 34.
Rxd4 Rxf1+ 35. Nxf1 b1=Q 36. Rxc3 0-1

[Event "Oregon Junior Closed"]
[Site "Portland, OR"]
[Date "2014.11.08"]
[Round "1"]
[White "Pikus, Benjamin M"]
[Black "Deng, Clemen"]
[Result "0-1"]
[WhiteElo "1729"]
[BlackElo "2009"]
[PlyCount "48"]
[EventDate "2014.11.08"]

1. d4 f5 2. Bf4 Nf6 3. e3 e6 4. c4 Bb4+ 5. Nc3 b6 6. a3 Bxc3+ 7. bxc3 Bb7 8.
Nf3 O-O 9. Bd3 d6 10. Bg5 Qe8 11. O-O Qh5 12. Bf4 Kh8 13. Be2 Nbd7 14. Nd2 Qh4
15. Bf3 Bxf3 16. Nxf3 Qh5 17. Ng5 Qe8 18. d5 e5 19. Bg3 Nc5 20. f3 h6 21. Nh3
g5 22. Be1 g4 23. Nf2 gxf3 24. gxf3 Qg6+ 0-1

[Event "Oregon Junior Closed"]
[Site "Portland, OR"]
[Date "2014.11.08"]
[Round "1"]
[White "Saputra, Yogi"]
[Black "Skalnes, Eric A"]
[Result "1-0"]
[WhiteElo "2124"]
[BlackElo "1846"]
[PlyCount "37"]
[EventDate "2014.11.08"]

1. d4 d5 2. c4 c6 3. Nf3 Nf6 4. Nc3 e6 5. Bg5 Nbd7 6. e3 Be7 7. Bd3 O-O 8. O-O
b6 9. Qc2 Bb7 10. Rad1 dxc4 11. Bxc4 Nd5 12. Bxe7 Qxe7 13. e4 N5f6 14. Rfe1
Rac8 15. e5 Nd5 16. Ne4 Ba8 17. Nd6 Rcd8 18. Bxd5 cxd5 19. Qc7 1-0

[Event "Oregon Junior Closed"]
[Site "Portland, OR"]
[Date "2014.11.08"]
[Round "3"]
[White "Skalnes, Eric A"]
[Black "Talyansky, Seth"]
[Result "1-0"]
[WhiteElo "1846"]
[BlackElo "1968"]
[PlyCount "77"]
[EventDate "2014.11.08"]

1. d4 d5 2. c4 c6 3. Nf3 Nf6 4. Nc3 e6 5. Bg5 Be7 6. e3 Nbd7 7. Bd3 dxc4 8.
Bxc4 b5 9. Bd3 Bb7 10. O-O a6 11. Qe2 O-O 12. Rfd1 h6 13. Bh4 b4 14. Na4 Qa5
15. b3 c5 16. e4 cxd4 17. Nxd4 Ne5 18. f3 Rfd8 19. Bf2 Nxd3 20. Rxd3 Nd7 21.
Rc1 Ne5 22. Rd2 Bg5 23. Be3 Bxe3+ 24. Qxe3 Rac8 25. Rdc2 Rxc2 26. Rxc2 Rc8 27.
Rxc8+ Bxc8 28. Nc2 Bd7 29. Qb6 Qxb6+ 30. Nxb6 a5 31. f4 Bb5 32. fxe5 Bd3 33.
Nd4 Bxe4 34. Nc4 a4 35. bxa4 Bb1 36. a5 Bxa2 37. Nb6 b3 38. Nxb3 Bxb3 39. a6
1-0

[Event "Oregon Junior Closed"]
[Site "Portland, OR"]
[Date "2014.11.09"]
[Round "4"]
[White "Talyansky, Seth"]
[Black "Pikus, Benjamin M"]
[Result "0-1"]
[WhiteElo "1968"]
[BlackElo "1729"]
[PlyCount "94"]
[EventDate "2014.11.08"]

1. e4 e6 2. d4 d5 3. Nc3 c6 4. Nf3 Bb4 5. Bd3 Nf6 6. exd5 cxd5 7. O-O Nc6 8.
Bg5 Be7 9. a3 h6 10. Bh4 O-O 11. Re1 Bd7 12. Bf1 Rc8 13. Ne5 Re8 14. Qd2 Nh7
15. Bg3 Nxe5 16. dxe5 Bc6 17. Nb5 Qb6 18. Nd4 Nf8 19. c3 Bc5 20. Rac1 Nd7 21.
Bd3 Bxd4 22. cxd4 Kf8 23. Bb1 Bb5 24. Bf4 Ke7 25. Qe3 Bc4 26. b4 a5 27. Qd2
axb4 28. axb4 Rg8 29. Bd3 Qxd4 30. Rc3 Bxd3 31. Rxd3 Qa7 32. b5 Rc4 33. Be3 Qa4
34. Qb2 Rgc8 35. Bd2 Nc5 36. Rg3 Ne4 37. Rxg7 Nxd2 38. Qxd2 Qb4 39. Qe2 Re4 40.
Rxf7+ Kxf7 41. Qh5+ Kg7 42. Rf1 Re1 43. h4 Rcc1 44. Rxe1 Rxe1+ 45. Kh2 Qf4+ 46.
g3 Qxf2+ 47. Kh3 Rh1+ 0-1

[Event "BCC #5"]
[Site "Boise, ID"]
[Date "2014.11.22"]
[Round "4.3"]
[White "Inman, James"]
[Black "Sanderson, Kenneth"]
[Result "1/2-1/2"]
[WhiteElo "1719"]
[BlackElo "1577"]
[PlyCount "74"]
[EventDate "2014.11.22"]

1. d4 Nf6 2. c4 e6 3. Nc3 Bb4 4. e3 O-O 5. Bd3 d5 6. Nge2 dxc4 7. Bxc4 b6 8.
O-O Bb7 9. a3 Be7 10. Qc2 c5 11. dxc5 Bxc5 12. b4 Be7 13. Bb2 Qc7 14. Bd3 Ng4
15. Bxh7+ Kh8 16. g3 Nf6 17. Bd3 Qc6 18. f3 Ng4 19. Nd4 Nxe3 20. Nxc6 Nxc2 21.
Nxb8 Nxa1 22. Nd7 Rfd8 23. Ne5 Nb3 24. Nxf7+ Kg8 25. Nxd8 Rxd8 26. Bc4 Nd2 27.
Bxe6+ Kf8 28. Rf2 Nxf3+ 29. Kg2 Bf6 30. Kh3 Ng5+ 31. Kg4 Nxe6 32. Nb5 Ke7 33.
Bxf6+ gxf6 34. Re2 Rg8+ 35. Kh4 Rh8+ 36. Kg4 Rg8+ 37. Kh4 Rh8+ 1/2-1/2